| 000 | 00000nam##2200000za#4500 |
| 001 | 9.577896 |
| 003 | CaOODSP |
| 005 | 20210624185830 |
| 007 | cr ||||||||||| |
| 008 | 150406|1983||||xxc|||||o f|0| 0 eng|d |
| 022 | |a1488-5387 |
| 040 | |aCaOODSP|beng |
| 043 | |an-cn--- |
| 086 | 1 |aFs97-4/1705E-PDF |
| 110 | 1 |aCanada. |bDepartment of Fisheries and Oceans. |
| 245 | 10|aComputer programs for analysis of lobster (Homarus americanus) movements from tag release-recapture data / |h[electronic resource]|cby A. Campbell, S.E. Bellis, G.E. Fawkes, and C. Hastey. |
| 260 | |aHalifax - Nova Scotia : |bFisheries and Oceans Canada |cApril 1983. |
| 300 | |a26p.|breferences, tables |
| 490 | 1 |aCanadian manuscript report of fisheries and aquatic sciences|x1488-5387|vNo. 1705 |
| 500 | |aThe catalogue number (Fs97-4/1705) and ISSN (0706-6473) for the print edition have been incorrectly copied in this electronic publication. |
| 546 | |a(Résumé en français) |
| 590 | |a13-27-Supp|b2013-11-15 |
| 690 | 07|aSoftware|2gcpds |
| 690 | 07|aFisheries management|2gcpds |
| 690 | 07|aShellfish|2gcpds |
| 720 | 1 |aCampbell, A. |
| 830 | #0|aCanadian manuscript report of fisheries and aquatic sciences,|x1488-5387|vNo. 1705|w(CaOODSP)9.505211 |
| 856 | 40|ahttp://publications.gc.ca|qPDF|s5.04 MB|uhttps://publications.gc.ca/collections/collection_2013/mpo-dfo/Fs97-4-1705-eng.pdf|yNo. 1705 |